Elements de calcul tensoriel
Αποθηκεύτηκε σε:
| Κύριος συγγραφέας: | |
|---|---|
| Μορφή: | Βιβλίο |
| Γλώσσα: | French |
| Δημοσίευση: |
Paris :
Librairie Armand Colin,
1958.
|
| Έκδοση: | 4e ed. |
| Σειρά: | Collection Armand Colin. Section de mathématique ;
259 |
| Θέματα: | |
| Ετικέτες: |
Προσθήκη ετικέτας
Δεν υπάρχουν, Καταχωρήστε ετικέτα πρώτοι!
|
MARC
| LEADER | 00000cam a2200000 i 4500 | ||
|---|---|---|---|
| 001 | 1/7329 | ||
| 008 | 100511s1958 fr | ||| |||| ||fre|| | ||
| 035 | |l 10107823 | ||
| 040 | |a GR-MyUa |b gre |e AACR2 | ||
| 041 | 0 | |a fre | |
| 082 | 7 | |a 515.63 |2 (22) | |
| 100 | 1 | |a Lichnerowicz, Andre, |d 1915-1998. | |
| 245 | 1 | 0 | |a Elements de calcul tensoriel / |c par A. Lichnerowicz. |
| 250 | |a 4e ed. | ||
| 260 | |a Paris : |b Librairie Armand Colin, |c 1958. | ||
| 300 | |a 216 σ. ; |c 16 εκ. | ||
| 490 | 1 | |a (Collection Armand Colin ; |v 259) | |
| 504 | |a Βιβλιογραφία: σ. [214] | ||
| 650 | 0 | |a Calculus of tensors. | |
| 767 | 0 | 8 | |i Μεταφρασμένο ως: |t Elements of tensor calculus / |
| 830 | 0 | |a Collection Armand Colin. |p Section de mathématique ; |v 259 | |
| 852 | |a INST |b SAMOS |c MAG |e 20100511 |h 515.63 LIC |p 005300031906 |q 005300031906 |t BK |y 0 | ||
| 901 | |a BIBL3-2010-2 | ||
| 970 | |a ΣΙΤΖΙΜΗ |b ΓΙΑΣΕΜΗ |z 2010/05/11 | ||